00382nam a22001457a 4500003001200000005001700012008004100029020001500070040001200085082001400097100002100111245007000132260001100202650002300213NUST - PNEC20170116180847.0150824b xxu||||| |||| 00| 0 eng d a0471412953 cLIBRARY a571.4 TUS a Tuszynski, J. A aBiomedical applications of introductory physicsc J. A, Tuszynski cc 2002 aMedical physicsx-